O naloge na imuščestvo predprijatij.

Zákon o dani z majetku podnikov v Rusku, ktorý vstúpil v platnosť 1.1.1992. Rovnomernejšie rozdelenie daňovej povinnosti vlastníkov. Vzťahuje sa na všetky právnické osoby. Zdanenie základných a obehových prostriedkov a finančných aktív. Metodika výpočtu daňového základu.

Salvato in:
Dettagli Bibliografici
Autore principale: Salina, A.I
Natura: Capitolo di libro
Lingua:russo
Soggetti:
Tags: Aggiungi Tag
Nessun Tag, puoi essere il primo ad aggiungerne!!

MARC

LEADER 00000naa a2200000 4500
001 r009567
005 20221208122611.9
041 0 |a rus 
044 |a [SU] 
245 1 0 |a O naloge na imuščestvo predprijatij.  |c A.I. Salina 
520 |a Zákon o dani z majetku podnikov v Rusku, ktorý vstúpil v platnosť 1.1.1992. Rovnomernejšie rozdelenie daňovej povinnosti vlastníkov. Vzťahuje sa na všetky právnické osoby. Zdanenie základných a obehových prostriedkov a finančných aktív. Metodika výpočtu daňového základu. 
610 2 0 |a dane majetkové 
610 2 0 |a dane podnikové 
610 2 0 |a Rusko 
610 2 0 |a zákony 
610 2 0 |a 1992 
610 2 0 |a prostriedky základné 
610 2 0 |a prostriedky obežné 
610 2 0 |a aktíva 
610 2 0 |a metodika 
610 2 0 |a dane z nehnuteľností 
100 1 |a Salina, A.I.